Bell Books: Quiz Yourself (Record no. 5196)
[ view plain ]
| 000 -LEADER | |
|---|---|
| fixed length control field | 00325nam a2200133Ia 4500 |
| 008 - FIXED-LENGTH DATA ELEMENTS--GENERAL INFORMATION | |
| fixed length control field | 190328s9999||||xx |||||||||||||| ||und|| |
| 082 ## - DEWEY DECIMAL CLASSIFICATION NUMBER | |
| Classification number | 657 |
| Item number | RAI/B |
| 100 ## - MAIN ENTRY--PERSONAL NAME | |
| Personal name | Rai, Ajay |
| 245 #0 - TITLE STATEMENT | |
| Title | Bell Books: Quiz Yourself |
| 250 ## - EDITION STATEMENT | |
| Edition statement | 1st |
| 260 ## - PUBLICATION, DISTRIBUTION, ETC. | |
| Place of publication, distribution, etc. | Ghaziabad |
| Name of publisher, distributor, etc. | Vikas Publishing House Pvt. Ltd. |
| Date of publication, distribution, etc. | 1980 |
| 300 ## - PHYSICAL DESCRIPTION | |
| Extent | 50 |
| 942 ## - ADDED ENTRY ELEMENTS (KOHA) | |
| Koha item type | Book |
No items available.